[Event "Ungdoms-DM U16 2022"]
[Site "Odense"]
[Date "2022.09.30"]
[Round "1"]
[White "Loftgaard, Mikkel Vinh"]
[Black "Nielsen, Victor Christopher"]
[Result "1-0"]
[WhiteElo "2267"]
[BlackElo "1870"]
[WhiteFideId "1468480"]
[BlackFideId "1471074"]
[EventDate "2022.09.30"]
[EventType "swiss"]
[EventRounds "5"]
[EventCountry "DEN"]

1. e4  c5  2. c3  d5
 3. exd5  Qxd5  4. d4
 Nf6  5. Nf3  Bg4
 6. Be2  e6  7. Be3
 cxd4  8. cxd4  Nc6
 9. O-O  Be7  10. Nc3
 Qd6  11. a3  O-O
 12. Qb3  Rfd8  13. Rfd1
 Nd5  14. Rac1  Rd7
 15. Ne4  Qb8  16. h3
 Nxe3  17. fxe3  Bh5
 18. Nc5  Bxc5  19. Rxc5
 Bg6  20. Rdc1  Qd8
 21. Bb5  Be4  22. Nd2
 Bd5  23. Qd3  a6
 24. Ba4  b5  25. Bc2
 f5  26. Bd1  e5 
27. Rxd5  Rxd5  28. Rxc6  exd4
 29. Bb3  Kh8  30. Bxd5
 Qxd5  31. Rc1   1-0

[Event "Ungdoms-DM U16 2022"]
[Site "Odense"]
[Date "2022.09.30"]
[Round "1"]
[White "Perets, Dmitry"]
[Black "Jarlskov, Daniel Tuk Hartso"]
[Result "1-0"]
[WhiteElo "1791"]
[BlackElo "2177"]
[WhiteFideId "14174456"]
[BlackFideId "1463896"]
[EventDate "2022.09.30"]
[EventType "swiss"]
[EventRounds "5"]
[EventCountry "DEN"]

1. Nf3  Nf6  2. g3  g6
 3. b3  Bg7  4. Bb2
 O-O  5. Bg2  d5 
6. O-O  c5  7. c4  e6
 8. cxd5  exd5  9. d4
 b6  10. Nc3  Bb7
 11. Rc1  Na6  12. Na4
 Rc8  13. Bh3  Nd7
 14. Ba3  f5  15. Qd3
 Re8  16. Rfd1  Bh6
 17. e3  c4  18. Qb1
 b5  19. Nc5  Ndxc5
 20. Bxc5  Nxc5  21. dxc5
 Qe7  22. b4  Bg7
 23. Bg2  Rcd8  24. Nd4
 Bxd4  25. Rxd4  Bc6
 26. Qb2  Qb7  27. Qa3
 Rd7  28. Qa5  Kf7
 29. Rb1  Ke6  30. Rbd1
 Red8 31. Qa3  a5  32. bxa5
 b4  33. Qb2  Qb5
 34. e4  dxe4  35. Rxd7
 Rxd7  36. Rxd7  Bxd7
 37. Qd4  b3  38. Bf1
 b2  39. Bxc4+  Ke7
 40. Qg7+  Kd8  41. Qf8+
 Kc7  42. Qd6+  Kc8
 43. Bxb5  b1=Q+  44. Bf1
 f4  45. Qf8+  Kb7
 46. a6+  Kc7  47. Qxf4+
 Kd8  48. Qf8+  Be8
 49. Qd6+  Bd7  50. a7
 Qb7  51. Qb8+   1-0

[Event "Ungdoms-DM U16 2022"]
[Site "Odense"]
[Date "2022.09.30"]
[Round "1"]
[White "Wahlgreen, Noah Krug"]
[Black "Skaelbaek, Noah"]
[Result "0-1"]
[WhiteElo "2114"]
[BlackElo "1811"]
[WhiteFideId "1457349"]
[BlackFideId "1470604"]
[EventDate "2022.09.30"]
[EventType "swiss"]
[EventRounds "5"]
[EventCountry "DEN"]

1. e4  c5  2. Nc3  Nc6
 3. Bb5  Nf6  4. Bxc6
 bxc6  5. d3  d6 
6. Be3  g6  7. Qd2  Bg7
 8. Bh6  O-O  9. h4
 Qb6  10. Rb1  Ba6
 11. Nge2  e5  12. h5
 Bxh6  13. Qxh6  c4
 14. Qg5  Nd7  15. Qe7
 cxd3  16. hxg6  Qd8
 17. gxh7+  Kh8  18. Qxd8
 Raxd8  19. cxd3  Bxd3
 20. Rd1  Nc5  21. b4
 Bxe2  22. Kxe2  Ne6
 23. Ke3  Nd4  24. Rd2
 f5  25. f3  f4+ 
26. Kd3  Rf7  27. Ne2  Nxe2
 28. Kxe2  Rxh7  29. Rc1
 Rc7  30. b5  c5 
31. Kd3  d5  32. Kc3  d4+
 33. Kc4  Kg7  34. Rh1
 Rd6  35. Rb2  d3
 36. Rd2  Rd4+  37. Kc3
 c4  38. a4  Kg6 
39. Rh8  Rd6  40. Rb8  Kf7
 41. a5  Ke7  42. b6
 axb6  43. axb6  Rcc6
 44. b7  Rb6  45. Kxc4
 Rd7  46. Rxd3  Rc7+
 47. Kd5  Rb5#   0-1

[Event "Ungdoms-DM U16 2022"]
[Site "Odense"]
[Date "2022.09.30"]
[Round "1"]
[White "Videbaek, Vincent"]
[Black "Iskos, Lukas"]
[Result "0-1"]
[WhiteElo "1769"]
[BlackElo "2067"]
[WhiteFideId "1462768"]
[BlackFideId "1461613"]
[EventDate "2022.09.30"]
[EventType "swiss"]
[EventRounds "5"]
[EventCountry "DEN"]

1. e4  c6  2. d4  d5
 3. e5  Bf5  4. h4
 h5  5. Bg5  Qb6 
6. Bd3  Qxd4  7. Nf3  Qg4
 8. Bxf5  Qxf5  9. c4
 Qe4+  10. Be3  e6
 11. O-O  Qxc4  12. Nbd2
 Qg4  13. Nb3  Ne7
 14. Nbd4  Nd7  15. Rc1
 Ng6  16. Qb3  Nc5
 17. Rxc5  Bxc5  18. Qxb7
 O-O  19. Nxc6  Bxe3
 20. fxe3  Nxh4  21. Nxh4
 Qxh4  22. Rxf7  Rxf7
 23. Qxa8+  Rf8  24. Qxa7
 Qe1+  25. Kh2  Rf1
  0-1

[Event "Ungdoms-DM U16 2022"]
[Site "Odense"]
[Date "2022.09.30"]
[Round "1"]
[White "Andries, Alf"]
[Black "Wehding, Anton Bonsvig"]
[Result "1-0"]
[WhiteElo "2092"]
[BlackElo "1660"]
[WhiteFideId "1463373"]
[BlackFideId "1463217"]
[EventDate "2022.09.30"]
[EventType "swiss"]
[EventRounds "5"]
[EventCountry "DEN"]

1. e4  c6  2. d4  d5
 3. e5  Bf5  4. Nf3
 e6  5. Be2  Ne7 
6. O-O  Nd7  7. Nbd2  c5
 8. c4  cxd4  9. Nxd4
 Nxe5  10. cxd5  Nxd5
 11. Bb5+  Nd7  12. Nxf5
 exf5  13. Re1+  Be7
 14. Nc4  N5f6  15. Ne5
 a6  16. Ba4  Rc8
 17. Bxd7+  Nxd7  18. Qd5
 Nxe5  19. Qxe5  f6
 20. Qxf5  O-O  21. Qe6+
 Rf7  22. Bf4  Qf8
 23. Rac1  Rc5  24. b4
 Rxc1  25. Rxc1  Kh8
 26. Rc8  Bd8  27. Bd6
 Qg8  28. Qxf7  Qxf7
 29. Rxd8+  Qg8  30. Rxg8+
 Kxg8  1-0

[Event "Ungdoms-DM U16 2022"]
[Site "Odense"]
[Date "2022.10.01"]
[Round "2"]
[White "Nielsen Refs, Karl Emil Elmer"]
[Black "Loftgaard, Mikkel Vinh"]
[Result "1/2-1/2"]
[WhiteElo "2001"]
[BlackElo "2267"]
[WhiteFideId "1452797"]
[BlackFideId "1468480"]
[EventDate "2022.09.30"]
[EventType "swiss"]
[EventRounds "5"]
[EventCountry "DEN"]

1. d4  Nf6  2. c4  e6
 3. Nc3  Bb4  4. e3
 O-O  5. Bd3  d5 
6. cxd5  exd5  7. Nge2  Re8
 8. O-O  c6  9. h3
 Nbd7  10. f3  Ba5
 11. e4  Bb6  12. Kh1
 Nf8  13. e5  Nh5
 14. Qe1  g6  15. f4
 c5  16. Be3  Ne6
 17. Nb5  cxd4  18. Nexd4
 Nxd4  19. Bxd4  Bxd4
 20. Nxd4  Qb6  21. Nb5
 Bf5  22. Be2  Rad8
 23. a4  a6  24. a5
 Qc5  25. Rc1  Qxc1
 26. Qxc1  Ng3+  27. Kh2
 Nxe2  28. Qd2  axb5
 29. Qxe2  d4  30. Qxb5
 d3  31. Rd1  h5 
32. Qxb7  Rb8  33. Qf3  Rxb2
 34. Ra1  Rd8  35. a6
 Re2  36. a7  Be4
 37. a8=Q  Rxa8  38. Rxa8+
 Kg7  39. Qxe2  dxe2
 40. Ra1  g5  41. Re1
 Bd3  42. Kg3  Kg6
 43. Kf3  Bb5  44. g4
 hxg4+  45. hxg4  gxf4
 46. Kxf4  Bc4  47. Rb1
 Kg7  48. Re1  Kg6
 49. Rg1  Bb5  50. Ke4
 Kg5  51. Kd5  Kf4
 52. e6  fxe6+  53. Kxe6
  1/2-1/2

[Event "Ungdoms-DM U16 2022"]
[Site "Odense"]
[Date "2022.10.01"]
[Round "2"]
[White "Iskos, Lukas"]
[Black "Perets, Dmitry"]
[Result "0-1"]
[WhiteElo "2067"]
[BlackElo "1791"]
[WhiteFideId "1461613"]
[BlackFideId "14174456"]
[EventDate "2022.09.30"]
[EventType "swiss"]
[EventRounds "5"]
[EventCountry "DEN"]

1. d4  c5  2. d5  b5
 3. e4  a6  4. a4
 b4  5. Nd2  d6 
6. g3  Nf6  7. Bg2  Nbd7
 8. f4  g6  9. b3
 Bg7  10. Bb2  O-O
 11. Rb1  a5  12. Nc4
 Nb6  13. Nxb6  Qxb6
 14. Ne2  Ng4  15. Qd2
 c4  16. Bd4  Bxd4
 17. Qxd4  Qxd4  18. Nxd4
 Bd7  19. Bh3  Rfc8
 20. Bxg4  Bxg4  21. f5
 cxb3  22. Rxb3  Rc4
 23. Rd3  b3  24. Kd2
 bxc2  25. h3  Bd1
 26. Kc1  Rb8  27. Rb3
 Rxb3  28. Nxb3  Rxa4
 29. fxg6  hxg6  30. Kd2
 Ra3  31. Nc1  Rxg3
 32. Ne2  Rg2   0-1

[Event "Ungdoms-DM U16 2022"]
[Site "Odense"]
[Date "2022.10.01"]
[Round "2"]
[White "Skaelbaek, Noah"]
[Black "Andries, Alf"]
[Result "0-1"]
[WhiteElo "1811"]
[BlackElo "2092"]
[WhiteFideId "1470604"]
[BlackFideId "1463373"]
[EventDate "2022.09.30"]
[EventType "swiss"]
[EventRounds "5"]
[EventCountry "DEN"]

1. e4  c5  2. c3  d5
 3. exd5  Qxd5  4. d4
 Nc6  5. Nf3  Bf5
 6. Be3  cxd4  7. cxd4
 Bxb1  8. Qxb1  e6
 9. a3  Nf6  10. Be2
 Be7  11. h3  O-O
 12. O-O  a5  13. Qd3
 Rfd8  14. Rfd1  Qd6
 15. Rac1  Rac8  16. Qb3
 Qb8  17. Bc4  Nd5
 18. Qd3  Bf6  19. Ba2
 Rd7  20. Bg5  h6
 21. Bxf6  Nxf6  22. Qe2
 Rcd8  23. Qe3  Qa7
 24. Ne5  Nxe5  25. Qxe5
 Rxd4  26. Rxd4  Qxd4
 27. Qxa5  Ne4  28. Qe1
 Qxb2  29. Bb1  Nf6
 30. a4  Qa3  31. Rd1
 Rc8  32. a5  Qa4
 33. Qd2  Nd5  34. Be4
 Qxe4   0-1

[Event "Ungdoms-DM U16 2022"]
[Site "Odense"]
[Date "2022.10.01"]
[Round "2"]
[White "Wehding, Laurits Bonsvig"]
[Black "Thorsen, Adrian Stenstrop"]
[Result "1-0"]
[WhiteElo "1958"]
[BlackElo "1915"]
[WhiteFideId "1463225"]
[BlackFideId "1473760"]
[EventDate "2022.09.30"]
[EventType "swiss"]
[EventRounds "5"]
[EventCountry "DEN"]

1. d4  d5  2. c4  dxc4
 3. Nc3  Nf6  4. Bg5
 a6  5. g3  e6 
6. e4 Be7  7. e5  Nd5  8. Bxe7
 Qxe7  9. Bxc4  Nb6
 10. Bb3  O-O  11. Nge2 Rd8 12.
O-O  c5  13. Ne4  Nc6
 14. Nd6  cxd4  15. f4
 f6  16. Nxd4  Nxe5
 17. fxe5  fxe5  18. N4f5
 Qf8  19. Nh6+   1-0

[Event "Ungdoms-DM U16 2022"]
[Site "Odense"]
[Date "2022.10.01"]
[Round "3"]
[White "Andries, Alf"]
[Black "Perets, Dmitry"]
[Result "1/2-1/2"]
[WhiteElo "2092"]
[BlackElo "1791"]
[WhiteFideId "1463373"]
[BlackFideId "14174456"]
[EventDate "2022.09.30"]
[EventType "swiss"]
[EventRounds "5"]
[EventCountry "DEN"]

1. e4  c5  2. Nf3  Nc6
 3. Bb5  g6  4. Bxc6
 dxc6  5. d3  Bg7
 6. h3  e5  7. Be3
 b6  8. a3  a5 
9. Nbd2  Ne7  10. b4  cxb4
 11. axb4  a4  12. Nc4
 b5  13. Na3  O-O
 14. O-O  h6  15. c4
 Rb8  16. cxb5  cxb5
 17. d4  Qd6  18. Qd2
 Rd8  19. Bxh6  Bxh6
 20. Qxh6  exd4  21. e5
 Nf5  22. exd6  Nxh6
 23. Nxd4  Rxd6  24. Naxb5
  1/2-1/2

[Event "Ungdoms-DM U16 2022"]
[Site "Odense"]
[Date "2022.10.01"]
[Round "3"]
[White "Loftgaard, Mikkel Vinh"]
[Black "Wehding, Laurits Bonsvig"]
[Result "1-0"]
[WhiteElo "2267"]
[BlackElo "1958"]
[WhiteFideId "1468480"]
[BlackFideId "1463225"]
[EventDate "2022.09.30"]
[EventType "swiss"]
[EventRounds "5"]
[EventCountry "DEN"]

1. e4  e6  2. d4  d5
 3. Bd3  Nc6  4. c3
 dxe4  5. Bxe4  Nf6
 6. Bf3  Bd6  7. Bg5
 h6  8. Bh4  g5 
9. Bg3  Rg8  10. Nd2  h5
 11. Nc4  h4  12. Bxd6
 cxd6  13. h3  d5
 14. Ne3  Qd6  15. Ne2
 b6  16. Nc1  Ba6
 17. Qa4  Bb7  18. Nd3
 Nd7  19. O-O-O  Rc8
 20. Kb1  a6  21. Rhe1
 b5  22. Qb3  Kd8
 23. Nc5  Na5  24. Qa3
 Qb6  25. Qxa5  Qxa5
 26. Nxb7+  Kc7  27. Nxa5
 Kb6  28. Nb3  a5
 29. Ng4   1-0

[Event "Ungdoms-DM U16 2022"]
[Site "Odense"]
[Date "2022.10.01"]
[Round "3"]
[White "Skaelbaek, Noah"]
[Black "Jarlskov, Daniel Tuk Hartso"]
[Result "0-1"]
[WhiteElo "1811"]
[BlackElo "2177"]
[WhiteFideId "1470604"]
[BlackFideId "1463896"]
[EventDate "2022.09.30"]
[EventType "swiss"]
[EventRounds "5"]
[EventCountry "DEN"]

1. e4  c6  2. d4  d5
 3. exd5  cxd5  4. Bd3
 Nf6  5. Bf4  Nc6
 6. c3  e6  7. Nf3
 Bd6  8. Ne5  Qc7
 9. Qe2  Nd7  10. Nxc6
 bxc6  11. Bxd6  Qxd6
 12. Nd2  O-O  13. O-O
 e5  14. dxe5  Nxe5
 15. Bc2  Bg4  16. f3
 Bh5  17. Rfe1  Rae8
 18. Qf2  a5  19. Re2
 Bg6  20. Nb3  Bxc2
 21. Rxc2  Nd3  22. Qd2
 Qg6  23. Rd1  Ne1
 24. Rxe1  Re5 25. Re2 Rxe2  26.
Qe1  Qxc2  27. Nxa5  Qxb2
 28. Nxc6  Qxa2  29. Ne7+
 Kh8  30. Nf5  Rb8
 31. Ne3  Rb1  32. Nd1
 Qa4   0-1

[Event "Ungdoms-DM U16 2022"]
[Site "Odense"]
[Date "2022.10.01"]
[Round "3"]
[White "Wehding, Anton Bonsvig"]
[Black "Iskos, Lukas"]
[Result "1-0"]
[WhiteElo "1660"]
[BlackElo "2067"]
[WhiteFideId "1463217"]
[BlackFideId "1461613"]
[EventDate "2022.09.30"]
[EventType "swiss"]
[EventRounds "5"]
[EventCountry "DEN"]

1. d4  d5  2. Bf4  c5
 3. e3  cxd4  4. exd4
 Nc6  5. c3  f6 
6. Nf3  g5  7. Bg3  h5
 8. h3  Bf5  9. Bd3
 Nh6  10. Bxf5  Nxf5
 11. Qd3  e6  12. Nbd2
 Kf7  13. O-O-O  Qa5
 14. Kb1  b5  15. Rhe1
 b4  16. Nb3  Qb6
 17. Rxe6  Kxe6  18. Re1+
 Kf7  19. Qxf5  Ne7
 20. Nxg5+  Kg7  21. Ne6+
 Kf7  22. Ng5+  Kg7
 23. Ne6+  Kf7  24. Qf3
 f5  25. Bc7  Qb5
 26. Nd8+  Ke8  27. Qxf5
 Rxd8  28. Qg6+  Kd7
 29. Qd6+  Kc8  30. Qxd8+
 Kb7  31. Nc5+  Kc6
 32. Qd7#   1-0

[Event "Ungdoms-DM U16 2022"]
[Site "Odense"]
[Date "2022.10.02"]
[Round "4"]
[White "Perets, Dmitry"]
[Black "Loftgaard, Mikkel Vinh"]
[Result "0-1"]
[WhiteElo "1791"]
[BlackElo "2267"]
[WhiteFideId "14174456"]
[BlackFideId "1468480"]
[EventDate "2022.09.30"]
[EventType "swiss"]
[EventRounds "5"]
[EventCountry "DEN"]

1. Nf3  Nf6  2. g3  b5
 3. Bg2  Bb7  4. O-O
 e6  5. d3  d5 
6. Nbd2  c5  7. Re1  Be7
 8. c3  O-O  9. Qc2
 Nbd7  10. e4  dxe4
 11. Nxe4  Nxe4  12. dxe4
 Qc7  13. c4  bxc4
 14. Qxc4  a5  15. Qc3
 e5  16. Bd2  Rfd8
 17. Rad1  f6  18. Qc4+
 Kh8  19. Qf7  Nf8
 20. Bh3  Bc6  21. Nh4
 Be8  22. Qb3  Bh5
 23. g4  c4  24. Qg3
 Bf7  25. g5  Rd3
 26. Be3  fxg5  27. Nf5
 h6  28. Bf1  Rxd1
 29. Rxd1  Ng6  30. Rc1
 Bf6  31. Bxc4  Bxc4
 32. b3  Qc6  33. Rxc4
 Qd7  34. Rc1  a4
 35. b4  Qd3  36. Qf3
 Nf4  37. Rc7  Qb1+
 38. Rc1  Qxa2  39. Bxf4
 gxf4  40. Kh1  Qf7
 41. Qa3  Qb7  42. f3
 Qd7  43. Qc3  a3
 44. Ra1  a2  45. Qb3
 Qd2  46. b5  Rc8
 47. Qxa2  Rc1+  48. Rxc1
 Qxa2  49. Rg1  Qb3
 50. Kg2  Qxb5  51. Rf1
 Bd8  52. h4  Kh7
 53. h5  Bb6  54. Re1
 Qb2+   0-1

[Event "Ungdoms-DM U16 2022"]
[Site "Odense"]
[Date "2022.10.02"]
[Round "4"]
[White "Nielsen Refs, Karl Emil Elmer"]
[Black "Andries, Alf"]
[Result "1-0"]
[WhiteElo "2001"]
[BlackElo "2092"]
[WhiteFideId "1452797"]
[BlackFideId "1463373"]
[EventDate "2022.09.30"]
[EventType "swiss"]
[EventRounds "5"]
[EventCountry "DEN"]

1. d4  Nf6  2. c4  e6
 3. Nf3  Bb4+  4. Bd2
 Qe7  5. a3  Bxd2+
 6. Nbxd2  d6  7. g3
 e5  8. dxe5  dxe5
 9. e3  O-O  10. Bg2
 e4  11. Nd4  c5 
12. Ne2  Nc6  13. Nc3  Bf5
 14. Nd5  Qe5  15. Nxf6+
 Qxf6  16. Nxe4  Bxe4
 17. Bxe4  Qxb2  18. O-O
 Qe5  19. Qc2  h6
 20. Bxc6  bxc6  21. Qa4
 Qc7  22. Rfd1  Rab8
 23. Ra2  Qb7  24. Rad2
 Qb3  25. Qxb3  Rxb3
 26. Rd3  Rfb8  27. Rd8+ Rxd8
 28. Rxd8+  Kh7  29. Rd7
 Rxa3  30. Rxf7  Ra4
 31. Kg2 a5  32. Ra7  Rxc4
 33. Rxa5  Rc2  34. Ra6
 c4  35. Rxc6  c3
 36. Kf3  Rc1  37. Kg4
 c2  38. h4  g6 
39. Rc7+  Kg8  40. Kf4  Ra1
 41. Rxc2  Kf7  42. e4
 Ra6  43. Rc7+  Kf6
 44. Rh7  g5+  45. hxg5+
 hxg5+  46. Kg4  Kg6
 47. Rh5  Ra5  48. f4
 Ra4  49. Rxg5+  Kf6
 50. e5+  Kf7  51. Kf5 Ra6
 52. g4  Ra5  53. Rh5
 Kg7  54. Rh2  Rb5
 55. Ra2  Rb7  56. Kg5
 Rc7  57. f5  Rb7
 58. e6  Kh7  59. Rd2
 Kg8  60. Rd8+  Kh7
 61. Rd7+   1-0

[Event "Ungdoms-DM U16 2022"]
[Site "Odense"]
[Date "2022.10.02"]
[Round "4"]
[White "Jarlskov, Daniel Tuk Hartso"]
[Black "Wehding, Anton Bonsvig"]
[Result "1-0"]
[WhiteElo "2177"]
[BlackElo "1660"]
[WhiteFideId "1463896"]
[BlackFideId "1463217"]
[EventDate "2022.09.30"]
[EventType "swiss"]
[EventRounds "5"]
[EventCountry "DEN"]

1. d4  Nf6  2. c4  e6
 3. Nf3  d5  4. g3
 Be7  5. Bg2  O-O
 6. O-O  c5  7. cxd5
 exd5  8. Nc3  Nc6
 9. Bg5  cxd4  10. Nxd4
 h6  11. Be3  Be6
 12. Rc1  a6  13. Na4
 Nxd4  14. Bxd4  Nd7
 15. e4  dxe4  16. Bxe4
 b5  17. Nc3  Bh3
 18. Re1  Rc8  19. Bb7
 Rc7  20. Nd5  Rxb7
 21. Nxe7+  Kh7  22. Qd3+
 f5  23. Rc8  Qa5
 24. Bc3  b4  25. Rxf8
 Nxf8  26. Qc4  Ne6
 27. Rxe6  bxc3  28. Rxh6+
 Kxh6  29. Qe6+  Kh7
 30. Qg8+  Kh6  31. Qh8+
 Kg5  32. Qh4#   1-0

[Event "Ungdoms-DM U16 2022"]
[Site "Odense"]
[Date "2022.10.02"]
[Round "4"]
[White "Wehding, Laurits Bonsvig"]
[Black "Christensen, Adam Stanczyk"]
[Result "0-1"]
[WhiteElo "1958"]
[BlackElo "1454"]
[WhiteFideId "1463225"]
[BlackFideId "1463950"]
[EventDate "2022.09.30"]
[EventType "swiss"]
[EventRounds "5"]
[EventCountry "DEN"]

1. d4  Nf6  2. c4  e6
 3. Nf3  d5  4. Nc3
 Bb4  5. Bd2  O-O
 6. e3  Nbd7  7. cxd5
 exd5  8. a3  Bxc3 9. bxc3
 Ne4  10. c4  Ndf6
 11. Rc1  Ng4  12. Bb4
 Nexf2  13. Qb3  Re8
 14. Bd2  Nxh1  15. cxd5
 Nxh2  16. Ne5  Qh4+
 17. Kd1  Nf2+  18. Kc2
 Bf5+  19. Kb2  Qf6
 20. Bb5  Rxe5  21. dxe5
 Qb6  22. e4  Nxe4
 23. Be3  Qg6  24. Rxc7
 Ng4  25. Bd4  Ngf2
 26. Qc2  Nd6  27. Qc5
 Nxb5  28. Qxb5  Nd3+
 29. Kb3  Qa6  30. Qxa6
 bxa6  31. e6  fxe6
 32. Rxg7+  Kf8  33. dxe6
 Nc5+  34. Ka2  Nxe6
 35. Rxa7  Rxa7  36. Bxa7
 Ke7  37. Kb3  Kd6
 38. Kb4  Kd5  39. g3
 Bd3  40. a4  Ke4
 41. Bb8  Kf3  42. a5
 Ng5  43. Kc5  Ne4+
 44. Kd4  Bb5  45. Ke5
 Nxg3  46. Kf6  Ne2
 47. Kg5  Nd4  48. Ba7
 Nc6  49. Bb6  Ke2
  0-1

[Event "Ungdoms-DM U16 2022"]
[Site "Odense"]
[Date "2022.10.02"]
[Round "5"]
[White "Loftgaard, Mikkel Vinh"]
[Black "Jarlskov, Daniel Tuk Hartso"]
[Result "1/2-1/2"]
[WhiteElo "2267"]
[BlackElo "2177"]
[WhiteFideId "1468480"]
[BlackFideId "1463896"]
[EventDate "2022.09.30"]
[EventType "swiss"]
[EventRounds "5"]
[EventCountry "DEN"]

1. e4  e5  2. Nf3  Nc6
 3. Bc4  Nf6  4. d3
 Bc5  5. c3  d6 
6. O-O  O-O  7. h3  Be6
 8. Bxe6  fxe6  9. b4
 Bb6  10. Nbd2  a5
 11. b5  Ne7  12. Qb3
 Qd7  13. Nc4  a4
 14. Nxb6  axb3  15. Nxd7
 Nxd7  16. Bg5  Ng6
 17. axb3  Nc5  18. b4
 Nxd3  19. Be3  Ngf4
 20. Rfd1  Nb2  21. Rxa8
 Rxa8  22. Rd2  Nc4
 23. Bxf4  Ra1+  24. Kh2
 Nxd2  25. Bxd2  Ra2
 26. Be3  Rc2  27. Ng5
 Rxc3  28. Nxe6  b6
 29. Bg5  Kf7  30. Nd8+
 Ke8  31. Nc6  h6
 32. Bh4  g5  33. Bg3
 Rc2  34. f3   1/2-1/2

[Event "Ungdoms-DM U16 2022"]
[Site "Odense"]
[Date "2022.10.02"]
[Round "5"]
[White "Thorsen, Adrian Stenstrop"]
[Black "Nielsen Refs, Karl Emil Elmer"]
[Result "1-0"]
[WhiteElo "1915"]
[BlackElo "2001"]
[WhiteFideId "1473760"]
[BlackFideId "1452797"]
[EventDate "2022.09.30"]
[EventType "swiss"]
[EventRounds "5"]
[EventCountry "DEN"]

1. d4  Nf6  2. Nc3  d5
 3. Bf4  c6  4. e3
 g6  5. Nf3  Bg7 
6. Ne5  Nh5  7. Bg3  Nxg3
 8. hxg3  Nd7  9. Nxd7
 Bxd7  10. Qd2  O-O
 11. O-O-O  b5  12. f3
 Qa5  13. Kb1  b4
 14. Ne2  Qb6  15. Nc1
 c5  16. dxc5  Qf6
 17. Qd4  e5  18. Qh4
 Qxh4  19. Rxh4  Be6
 20. Rxb4  Rfc8  21. Nb3
 a5  22. Ra4  d4 
23. exd4  Bxb3  24. cxb3  exd4
 25. Rc1  Bh6  26. f4
 Bf8  27. c6  Bb4
 28. Be2  Rc7  29. a3
 Bd2  30. Rd1  Be3
 31. Bf3  Rb8  32. b4
 axb4  33. Rxb4 Rxb4  34. axb4
 d3  35. Rxd3  Bf2
 36. b5  Kf8  37. Rb3
 Bb6  38. Ra3  Rc8
 39. Ra6  Rb8  40. Rxb6
 Rxb6  41. c7   1-0

[Event "Ungdoms-DM U16 2022"]
[Site "Odense"]
[Date "2022.10.02"]
[Round "5"]
[White "Christensen, Adam Stanczyk"]
[Black "Perets, Dmitry"]
[Result "1-0"]
[WhiteElo "1454"]
[BlackElo "1791"]
[WhiteFideId "1463950"]
[BlackFideId "14174456"]
[EventDate "2022.09.30"]
[EventType "swiss"]
[EventRounds "5"]
[EventCountry "DEN"]

1. e4  c5  2. c3 Nf6  3. e5
 Nd5  4. d4  cxd4
 5. cxd4  Nc6  6. Bc4
 Nb6  7. Bb5  g6 
8. Nf3  Bg7  9. O-O  O-O
 10. Nc3  a6  11. Bxc6
 dxc6  12. h3  Be6
 13. Ng5  Bd5  14. f4
 f6  15. Nge4  Bxe4
 16. Nxe4  Qd5  17. Nc3
 Qc4  18. Be3  Nd5
 19. Nxd5  Qxd5  20. Qf3
 Qb5  21. Qg4  f5
 22. Qh4  Rf7  23. b3
 Qd3  24. Qf2  Rd8
 25. Rad1  Qe4  26. Qf3
 Qxf3  27. Rxf3  Rd5
 28. Rf2  Rf8  29. Rc2
 Rfd8  30. Rc4  Bf8
 31. Rdc1  Kf7  32. Kf2
 Ke6  33. g4  Bg7
 34. Kg3  h6  35. Kf3
 Rf8  36. Rg1  fxg4+
 37. hxg4  Ra5  38. a4
 Kd5  39. Bd2  b6
 40. Bxa5  bxa5  41. Ke3
 Rb8  42. Rb1  Rb6
  1-0

[Event "Ungdoms-DM U16 2022"]
[Site "Odense"]
[Date "2022.10.02"]
[Round "5"]
[White "Andries, Alf"]
[Black "Iskos, Lukas"]
[Result "0-1"]
[WhiteElo "2092"]
[BlackElo "2067"]
[WhiteFideId "1463373"]
[BlackFideId "1461613"]
[EventDate "2022.09.30"]
[EventType "swiss"]
[EventRounds "5"]
[EventCountry "DEN"]

1. e4  c6  2. d4  d5
 3. e5  Bf5  4. Nf3
 e6  5. Be2  Nd7 
6. O-O  Ne7  7. Nbd2  h6
 8. Nb3  a5  9. a4
 g5  10. Ne1  Bg7
 11. Bd3  c5  12. Bb5
 Nc6  13. dxc5  Ndxe5
 14. Nd4  Bg4  15. f3
 Bh5  16. Nd3  O-O
 17. Bxc6  Nxc6  18. Nxc6
 bxc6  19. Qe1  e5
 20. Nf2  Bg6  21. c3
 Qe7  22. f4  gxf4
 23. Bxf4  Qxc5  24. Be3
 d4  25. cxd4  exd4
 26. Bf4  Qb4  27. Qc1
 d3  28. Bxh6  Bxb2
 29. Qd1  Rfe8  30. Nxd3
 Qd4+  31. Nf2  Bxa1
 32. Qxa1  Qxa1  33. Rxa1
 Re2  34. Bf4  Rae8
  0-1

[Event "Ungdoms-DM U16 2022"]
[Site "Odense"]
[Date "2022.10.02"]
[Round "5"]
[White "Skaelbaek, Noah"]
[Black "Wehding, Anton Bonsvig"]
[Result "1-0"]
[WhiteElo "1811"]
[BlackElo "1660"]
[WhiteFideId "1470604"]
[BlackFideId "1463217"]
[EventDate "2022.09.30"]
[EventType "swiss"]
[EventRounds "5"]
[EventCountry "DEN"]

1. e4  c6  2. d4  d5
 3. exd5  cxd5  4. Bd3 Nc6
 5. c3  Nf6  6. Bf4
 Bg4  7. Qb3  Qd7
 8. Nd2  e6  9. Ngf3
 Bd6  10. Ne5  Bxe5
 11. Bxe5  a6  12. h3
 Bh5  13. Bg3  O-O
 14. O-O  Rac8  15. a4
 Rfe8  16. Rfe1  Bg6
 17. Bxg6  hxg6  18. a5
 Na7  19. Bh2  Nb5
 20. Nf3  Nd6  21. Ne5
 Qe7  22. Re2  Nc4
 23. Ra4  Nxe5  24. Bxe5
 Ne4  25. Rb4  Qd8
 26. Ra4  Qg5  27. Ra1
 Re7  28. Qc2  f6
 29. Bh2  e5  30. dxe5
 fxe5  31. Qb3  Rc4
 32. Rxe4  Rc5  33. Rae1
 Rxa5  34. Rxe5  Rxe5
 35. Bxe5  Qd2  36. Rd1
 Qe2  37. Rxd5  Ra1+
 38. Rd1+   1-0